EL LIBRO DE LA IMAGINACION (Registro nro. 68595)

Detalles MARC
000 -CABECERA
campo de control de longitud fija 00965nam a22002657a 4500
005 - FECHA Y HORA DE LA ÚLTIMA TRANSACCIÓN
campo de control 20260529202640.0
008 - DATOS DE LONGITUD FIJA--INFORMACIÓN GENERAL
campo de control de longitud fija 260529b1987 mx ||||| |||| 001 0 spa d
020 ## - NÚMERO INTERNACIONAL ESTÁNDAR DEL LIBRO
Número Internacional Estándar del Libro 968-16-0532-2
040 ## - FUENTE DE LA CATALOGACIÓN
Centro catalogador/agencia de origen BPGM
Lengua de catalogación spa
041 ## - CÓDIGO DE LENGUA
Código de lengua del texto/banda sonora o título independiente spa
050 ## - SIGNATURA TOPOGRÁFICA DE LA BIBLIOTECA DEL CONGRESO
Número de clasificación 808.882
Número de documento/Ítem L62
082 04 - NÚMERO DE LA CLASIFICACIÓN DECIMAL DEWEY
Número de edición CUARTA REIMPRESION
Número de clasificación 808/
Número de documento/Ítem L62
100 ## - ENTRADA PRINCIPAL--NOMBRE DE PERSONA
Nombre de persona VALADES, EDMUNDO
245 ## - MENCIÓN DE TÍTULO
Título EL LIBRO DE LA IMAGINACION
260 ## - PUBLICACIÓN, DISTRIBUCIÓN, ETC.
Lugar de publicación, distribución, etc. MEXICO ;
Nombre del editor, distribuidor, etc. FONDO DE FCULTURA ECONOMICA ,
Fecha de publicación, distribución, etc. 1987.
300 ## - DESCRIPCIÓN FÍSICA
Extensión 257 paginas ;
Dimensiones 11 cm x 17 cm
336 ## - TIPO DE CONTENIDO
Fuente rdacontent
Término de tipo de contenido texto
Código de tipo de contenido txt
337 ## - TIPO DE MEDIO
Fuente rdamedia
Nombre/término del tipo de medio sin mediación
Código del tipo de medio n
338 ## - TIPO DE SOPORTE
Fuente rdacarrier
Nombre/término del tipo de soporte volumen
Código del tipo de soporte nc
490 0# - MENCIÓN DE SERIE
Mención de serie COLECCION POPULAR
Designación de volumen o secuencia 152
505 ## - NOTA DE CONTENIDO CON FORMATO
Nota de contenido con formato EN ESTE LIBRO SE PROPONE AL LECTOR UN FASCINANTE VIAJE IMAGINATIVO, A TRAVES DE UNA ANTALOGIA SINGULAR, PARA LA CUAL EDMUNDO VALADES HA SELECCIONADO MAS DE CUATROCIENTOS TEXTOS VREBES.
650 ## - PUNTO DE ACCESO ADICIONAL DE MATERIA--TÉRMINO DE MATERIA
Fuente del encabezamiento o término LITERATURA Y RETÓRICA
650 ## - PUNTO DE ACCESO ADICIONAL DE MATERIA--TÉRMINO DE MATERIA
Fuente del encabezamiento o término RETÓRICA Y COLECCIONES DE LITERATURA
942 ## - ELEMENTOS DE PUNTO DE ACCESO ADICIONAL (KOHA)
Fuente del sistema de clasificación o colocación Dewey Decimal Classification
Tipo de ítem Koha General jóvenes y Adultos
Existencias
Estado de retiro Estado de pérdida Fuente del sistema de clasificación o colocación Estado dañado No para préstamo Código de colección Localización permanente Ubicación/localización actual Ubicación en estantería Fecha de adquisición Fuente de adquisición Total de préstamos Signatura topográfica completa Código de barras Fecha visto por última vez Número de copia Precio válido a partir de Tipo de ítem Koha
    Dewey Decimal Classification   Préstamo en Sala Colección General BFC BIBLIOTECA PÚBLICA CENTRAL ESTATAL “FRANCISCO CERVANTES” BIBLIOTECA PÚBLICA CENTRAL ESTATAL “FRANCISCO CERVANTES” ACCESO " B" PLANTA BAJA 05/29/2026 DGB   808.882/L62 37787 05/29/2026 EJ.1 05/29/2026 General jóvenes y Adultos